The Iconography of Independence : 'Freedoms at Midnight' (Record no. 53357)

MARC details
000 -LEADER
fixed length control field 00675nam a2200205Ia 4500
008 - FIXED-LENGTH DATA ELEMENTS--GENERAL INFORMATION
fixed length control field 191130s2010##################000#0#eng##
020 ## - INTERNATIONAL STANDARD BOOK NUMBER
ISBN 9780415551458
082 ## - DEWEY DECIMAL CLASSIFICATION NUMBER
Classification number 320.15 HOL
245 ## - TITLE STATEMENT
Title The Iconography of Independence : 'Freedoms at Midnight'
Statement of responsibility, etc Edited by Robert Holland, Susan Williams, and Terry Barringer
260 ## - PUBLICATION, DISTRIBUTION, ETC. (IMPRINT)
Place of publication Abingdon, Oxen ; New York
Name of publisher Routledge Taylor & Francis Group
Year of publication 2010
300 ## - PHYSICAL DESCRIPTION
Number of Pages xix, 143 p. : ill. ; 26 cm
650 ## - SUBJECT ADDED ENTRY--TOPICAL TERM
Topical Term Political science
700 ## - ADDED ENTRY--PERSONAL NAME
Personal name Barringer, Terry
Personal name Holland, Robert
Personal name Williams, Susan
991 ## -
-- 9477
Holdings
Withdrawn status Lost status Damaged status Not for loan Home library Current library Shelving location Date acquired Full call number Accession Number Price effective from Koha item type
        Anna Centenary Library Anna Centenary Library 3RD FLOOR, B WING 09.10.2020 320.15 HOL 150158 09.10.2020 English Books

Find us on the map